The year 2000 crisis : developing a successful plan for information systems / (Record no. 61965)

000 -LEADER
fixed length control field 01074cam a2200277 a 4500
001 - CONTROL NUMBER
control field 2579952
003 - CONTROL NUMBER IDENTIFIER
control field NUST-PNEC
005 - DATE AND TIME OF LATEST TRANSACTION
control field 20170116180736.0
008 - FIXED-LENGTH DATA ELEMENTS--GENERAL INFORMATION
fixed length control field 960730s1996 scua 000 0 eng
010 ## - LIBRARY OF CONGRESS CONTROL NUMBER
LC control number 96027631
020 ## - INTERNATIONAL STANDARD BOOK NUMBER
International Standard Book Number 1566079780
040 ## - CATALOGING SOURCE
Original cataloging agency DLC
Transcribing agency PNEC
050 00 - LIBRARY OF CONGRESS CALL NUMBER
Classification number QA76.76.S64
Item number B88 1996
082 00 - DEWEY DECIMAL CLASSIFICATION NUMBER
Classification number 005.16 BUT
Edition number 20
100 1# - MAIN ENTRY--PERSONAL NAME
Personal name Butler, Janet G.
245 14 - TITLE STATEMENT
Title The year 2000 crisis : developing a successful plan for information systems /
Statement of responsibility, etc. Janet G. Butler.
250 ## - EDITION STATEMENT
Edition statement 1st ed.
260 ## - PUBLICATION, DISTRIBUTION, ETC.
Place of publication, distribution, etc. Charleston, S.C. :
Name of publisher, distributor, etc. Computer Technology Research Corp.,
Date of publication, distribution, etc. 1996.
300 ## - PHYSICAL DESCRIPTION
Extent vi, 230 p. :
Other physical details ill. ;
Dimensions 28 cm.
500 ## - GENERAL NOTE
General note Includes index.
650 #0 - SUBJECT ADDED ENTRY--TOPICAL TERM
Topical term or geographic name entry element Software maintenance.
General subdivision MIS, Computer
856 ## - ELECTRONIC LOCATION AND ACCESS
Uniform Resource Identifier <a href="http://www.amazon.com/Year-2000-Crisis-Developing-Information/dp/1566079780/ref=sr_1_1?ie=UTF8&qid=1416813509&sr=8-1&keywords=1566079780">http://www.amazon.com/Year-2000-Crisis-Developing-Information/dp/1566079780/ref=sr_1_1?ie=UTF8&qid=1416813509&sr=8-1&keywords=1566079780</a>
906 ## - LOCAL DATA ELEMENT F, LDF (RLIN)
a 7
b cbc
c orignew
d 1
e ocip
f 19
g y-gencatlg
942 ## - ADDED ENTRY ELEMENTS (KOHA)
Source of classification or shelving scheme
Koha item type Book
Holdings
Withdrawn status Lost status Source of classification or shelving scheme Damaged status Not for loan Permanent Location Current Location Shelving location Date acquired Source of acquisition Cost, normal purchase price Total Checkouts Full call number Barcode Date last seen Cost, replacement price Price effective from Koha item type
          Pakistan Navy Engineering College (PNEC) Pakistan Navy Engineering College (PNEC)   07/27/1998 NUST Recurring A/c 595.00   005.16 BUT PNECLIB-020149 11/24/2014 595.00 07/27/1998 Book
© 2023 Central Library, National University of Sciences and Technology. All Rights Reserved.